000 nam a22 7a 4500
999 _c7445
_d7445
008 170906b xxu||||| |||| 00| 0 eng d
100 _93970
_aMitchell
245 _aCraft and colour
260 _aNew Delhi